000
00356nam a2200133Ia 4500
008
231129s9999||||xx |||||||||||||| ||spa||
020
_a
958-30-0082-5
040
_b
spa
082
_a
R 923.1 P696p
100
_a
Plazas Vega Alfonso
245
0
_a
Presidentes de Colombia
264
_a
Panamericana
942
_2
ddc
_c
BKS
999
_c
23160
_d
23160